000 00648nam a2200241Ia 4500
005 20260121113214.0
008 12144 260114s9999 xx 000 0 eng d
020 _a9789814368254
037 _aEBOOK
040 _aCRL
_beng
_cCRL
041 _aeng
_2eng
084 _qCRL
100 _aNobuo Satake
_9969910
245 0 _aComputational Model of First Language Acquisition, A
260 _bWorld Scientific
260 _bWSPC
260 _c1990
650 _aComputer Science
_9969911
856 _uhttps://www.worldscientific.com/worldscibooks/10.1142/1036#t=toc
942 _cEBOOK
999 _c1549444
_d1549444